00348nam a22001097a 4500008004100000040005500041080001100096245005200107260005200159300001100211650001600222230425b |||||||| |||| 00| 0 eng d aNational Science LibrarycNational Science Library a52bN8 aIndian astronomical ephemeris for the year 1999 aDelhi: bThe Controller of Publications, c1998 a585p.  aScientific